|
|
|
|
| LEADER |
00000nam0a2200000 4500 |
| 001 |
310905 |
| 005 |
20231102002331.0 |
| 020 |
|
|
|a RU
|b 82-4399и
|
| 035 |
|
|
|a (RuTPU)RU\TPU\book\336258
|
| 090 |
|
|
|a 310905
|
| 100 |
|
|
|a 20151201d1981 km y0rusy5003 ca
|
| 101 |
0 |
|
|a rus
|a eng
|
| 102 |
|
|
|a RU
|
| 105 |
|
|
|a a z 001zb
|
| 200 |
1 |
|
|a Гапар Айтиев. Живопись
|e альбом
|f В. Тарасов
|
| 210 |
|
|
|a Москва
|c Советский художник
|d 1981
|
| 215 |
|
|
|a 87 с.
|c ил., цв. ил.
|
| 225 |
1 |
|
|a Мастера сов. искусства
|
| 300 |
|
|
|a На обл. авт. не указан
|
| 320 |
|
|
|a Библиогр.: с. 75-77
|
| 327 |
0 |
|
|a Рез. англ.
|
| 600 |
|
1 |
|a Айтиев
|b Гапар Айтиевич
|
| 600 |
|
1 |
|a Айтиев
|b Г. А.
|c киргизский советский художник
|f 1912-1984
|g Гапар Айтиевич
|2 stltpush
|3 (RuTPU)RU\TPU\pers\44739
|9 21836
|
| 606 |
1 |
|
|a Живописцы
|2 stltpush
|3 (RuTPU)RU\TPU\subj\10834
|9 37852
|
| 610 |
1 |
|
|a советская живопись
|
| 610 |
1 |
|
|a Киргизия
|
| 610 |
1 |
|
|a альбомы
|
| 610 |
1 |
|
|a художники
|
| 610 |
1 |
|
|a история
|
| 610 |
1 |
|
|a 20 век
|
| 675 |
|
|
|a 75.071
|z rus
|v 3
|
| 700 |
|
1 |
|a Тарасов
|b В. Ф.
|g Виктор Федорович
|4 070
|
| 801 |
|
0 |
|a RU
|b RuMRKP
|c 19950704
|g psbo
|
| 801 |
|
1 |
|a RU
|b 63413507
|c 20151201
|
| 801 |
|
2 |
|a RU
|b 63413507
|c 20191014
|g RCR
|
| 942 |
|
|
|c BK
|